000 00523nam a2200193 a 4500
005 20250110063751.0
008 060424s2003 mx r 000 0 spa d
020 _a9562890430
035 _aUPN01000143863
049 _aCG
050 4 _aPQ8097 M8
_bD4
100 1 _aMuñoz Valenzuela, Diego,
_d1956-
245 1 0 _aDéjalo ser :
_bcuentos /
_cDiego Muñoz Valenzuela.
260 _aSantiago, Chile :
_bFCE,
_c2003.
300 _a165 p.
440 0 _aTierra firme
650 4 _aCuentos chilenos
_910503
905 _aLibro
999 _c116010
_d116010